Téka. Bajor Andor és az igazság argumentációja. [Bajor Andor: Apróhirdetések. Bogdán László előszavával. Kriterion Könyvkiadó, Buk., 1989]
Elmentve itt :
| Szerző: | |
|---|---|
| Adatforrás: | Meister |
| Forrásdokumentuma: | Korunk. - 10 sz., 1990, 1379-1382 p. |
| Nyelv: | magyar |
| Kulcsszavak: | irodalomtörténet-recenzió BAJOR Andor BOGDÁN László |
| LEADER | 00526nab a2200145 i 4500 | ||
|---|---|---|---|
| 001 | bibPRO00001783 | ||
| 008 | 060524s1990 xx hun | ||
| 040 | |a Sz1 | ||
| 041 | |a hun | ||
| 100 | 1 | |a KISGYÖRGY Réka | |
| 245 | 1 | 0 | |a Téka. Bajor Andor és az igazság argumentációja. [Bajor Andor: Apróhirdetések. Bogdán László előszavával. Kriterion Könyvkiadó, Buk., 1989] |c KISGYÖRGY Réka |
| 695 | |a irodalomtörténet-recenzió | ||
| 695 | |a BAJOR Andor | ||
| 695 | |a BOGDÁN László | ||
| 773 | 0 | |t Korunk. - |g 10 sz., 1990, 1379-1382 p. | |